Egypt : Millenary splendour : the Leiden collection in Bologna /
Corporate Author:
Other Authors: , , , , ,
Format: Book
Language: English
Published:
Milano, Italy :
Skira,
2016.
Edition: First edition.
Subjects:
Tags: Add Tag
Call Number: DT59 .B576 E3513 2016
| LEADER | 01444nam a2200349Ia 4500 | ||
|---|---|---|---|
| 003 | OSt | ||
| 005 | 20260510084814.0 | ||
| 008 | 220401s2016 it ab b 000 0 eng d | ||
| 020 | |a 9788857230153 | ||
| 020 | |a 8857230155 | ||
| 040 | |c ARCE Library | ||
| 050 | 4 | |a DT59 .B576 E3513 2016 | |
| 245 | 0 | 0 | |a Egypt : |b Millenary splendour : the Leiden collection in Bologna / |c edited by Paola Giovetti and Daniela Picchi ; [translations, Sarah Elizabeth Cree, Felicity Lutz and Susan Ann White for Scriptum, Rome, Gordon Fisher, Traduzioni Liquide, Glasgow]. |n |
| 250 | |a First edition. | ||
| 264 | 1 | |a Milano, Italy : |b Skira, |c 2016. | |
| 300 | |a 589 pages : |b illustrations (chiefly color), maps ; |c 29 cm. | ||
| 500 | |a Catalog of an exhibition held at the Museo Civico Archeologico, Bologna, Italy, October 16, 2015-July 17, 2016. | ||
| 500 | |a Translation of: Egitto : splendore millenario. | ||
| 504 | |a Includes bibliographic references. | ||
| 610 | 2 | 0 | |a Rijksmuseum van Oudheden te Leiden |v Exhibitions. |
| 650 | 0 | |a Excavations (Archaeology) |z Egypt |v Exhibitions. | |
| 651 | 0 | |a Egypt |x Antiquities |v Exhibitions. | |
| 700 | 1 | |a Giovetti, Paola, |d 1959- | |
| 700 | 1 | |a Picchi, Daniela. | |
| 700 | 1 | |a Cree, Sarah Elizabeth. | |
| 700 | 1 | |a Lutz, Felicity. | |
| 700 | 1 | |a White, Susan Ann. | |
| 700 | 1 | |a Fisher, Gordon. | |
| 710 | 2 | |a Museo civico archeologico di Bologna. | |
| 901 | |a reviewed | ||
| 942 | |2 lcc |c BK | ||
| 999 | |c 47035 |d 47035 | ||
